Music Quiz

Random Music or Song Quiz
Score 0/30 Timer 05:00
0 Plays Today
lyrics % Correct
abc.. its easy as ____123
91.6%
I like big butts, and ___I cannot lie
86.4%
Girls Just Want to Have __fun
86.4%
ice, ice ___baby
84.3%
hit me baby one more ____time
84.3%
Every rose has its ___thorn
83.8%
Oh say, Can you... ____see
82.7%
achy breaky ____heart
81.7%
Oh! We're half way there, Oh! living ____on a prayer
81.2%
I Want It That ___. Tell me why!way
80.6%
I love rock'n' roll, put another dime in the ____juke box baby
77%
would the real slim shady please___stand up
75.4%
what a girl wants, what a girlneeds
73.8%
Sweet dreams are made of this, who am I to _____disagree
71.7%
super freak, super freak. she's super___freaky
71.2%
lyrics % Correct
You, shook me all ____night long
69.1%
I, wanna rock'n' roll all night and ____party everyday
67.5%
Pour some ____ on me!sugar
66.5%
Jimmy cracked corn ____and I don't care
64.9%
Baby are you___; Even if the sky is falling ___Down
57.1%
i wanna know, have you ever seen the ____rain
46.6%
I'm sorry Ms. Jackson, i am___for real
43.5%
can you teach me how to ___, you know why, cause all girls love me.dougie
37.7%
Little bit of my chicken fried ___cold beer on a friday night
27.2%
hillbilly bone down deep inside, no matter where you're from ____you just can't hide
17.3%
Never let your prayin knees get lazy and ____love like crazy
16.8%
Chugga lugga luggin 5 mph, on my ____international harvester
12.6%
Heel, toe, dosey doe, come on baby let's go ____boot scootin
11.5%
you know you lookin at a ____winner
5.2%
Come on feel the noise, girl___rock the voice
4.2%
Remove Ads.
Support Sporcle.
Get the best of Sporcle when you Go Orange. This ad-free experience offers more features, more stats, and more fun while also helping to support Sporcle. Thank you for becoming a member.

You're not logged in!

Compare scores with friends on all Sporcle quizzes.
OR
Log In

Show Comments

Extras

Created Nov 23, 2010ReportNominate
Tags:Song Quiz, finish

Top Quizzes Today


Score Distribution

Your Account Isn't Verified!

In order to create a playlist on Sporcle, you need to verify the email address you used during registration. Go to your Sporcle Settings to finish the process.

Report this User

Report this user for behavior that violates our Community Guidelines.

Details: